00433nam a2200133 i 4500001000300000100001500003245008700018260002100105700001800126040000800144041000800152008004100160856009800201bg1 aMROWEC, S. 0aCeramika :bbadania struktury defektów i dyfuzji... /cS. Mrowiec, A. Stokłosa. aWarszawa,c1973.1 aSTOKŁOSA, A. cBPK apol s pl f |000 0 pol  uhttp://koha.tu.koszalin.pl/cgi-bin/koha/opac-detail.pl?biblionumber=23225yKatalog online BPK